| 000 | 00486nam a22001697a 4500 | ||
|---|---|---|---|
| 003 | dpl | ||
| 005 | 20180705171616.0 | ||
| 008 | 180705b xxu||||| |||| 00| 0 eng d | ||
| 020 |
_a8178815265 _c300.00 |
||
| 040 |
_aDPL _bEN _c0 |
||
| 082 | _a658.3 | ||
| 245 |
_aEmployee retention: _bconcepts and experiences _c/edited by E.Mrudula |
||
| 260 |
_aHyderabad _bICFAI Books _c2005 |
||
| 300 |
_avii, 195p. _c23cm. |
||
| 600 | _aMrudula, E | ||
| 942 |
_2ddc _cEN _h658.3 _mEMP |
||
| 999 |
_c153474 _d153474 |
||